000 01198nam a2200325 i 4500
001 bg
100 1 _aKOOLMAN, Jan
245 1 0 _aBiochemia :
_bilustrowany przewodnik /
_cJan Koolman, Klaus-Heinrich Röhm ; red. nauk. tł. Ludmiła Węglarz, Tadeusz Wilczok ; z oryg. niem. tł. Ilona Bednarek [et al.].
246 _iTyt. oryg.:
_aTaschenatlas der Biochemie
260 _aWarszawa :
_bWydawnictwo Lekarskie PZWL,
_ccop. 2005.
300 _aXIII, [1], 454 s. :
_bil. kolor. ;
_c25 cm.
500 _aTyt. oryg.: "Taschenatlas der Biochemie" 2003.
504 _aBibliogr. s. 432. Indeks.
521 _aDla studentów nauk medycznych i przyrodniczych.
650 9 _aBiochemia
655 _aPodręczniki akademickie
700 1 _aRÖHM, Klaus-Heinrich
700 1 _aWĘGLARZ, Ludmiła.
_eRed.
700 1 _aWILCZOK, Tadeusz.
_eRed.
700 1 _aBEDNAREK, Ilona.
_eTł.
015 _aPB 1553/2006
020 _a8320031109
040 _cBPK
041 1 _apol
_hger
080 _a577.1(075.8)
920 _a83-200-3110-9
942 _cKS
008 s pl f |000 0 pol
999 _c51907
_d51907
856 _uhttp://koha.tu.koszalin.pl/cgi-bin/koha/opac-detail.pl?biblionumber=51907
_yKatalog online BPK